000 00821nam a2200277 4500
003 OSt
005 20260530113907.0
008 260508b2005 chi||||| |||| 00| 0 eng d
020 _a4760112642
040 _aICI
_bspa
_cICI
041 _aeng
050 _aNC1002
_bB47 2005
245 1 0 _aBest Sign Collection Vol. 1:
_bCommunity Identity, Corporate Identity
250 _avol.1
264 1 _aTokyo
_bGraphic-sha Publishing
_c2005
300 _a240 páginas:
_bilustraciones
336 _atexto
_2rdacontent
337 _asin medio
_2rdamedia
338 _avolumen
_2rdacarrier
500 _aSeñalización
650 _aDiseño gráfico ambiental.
_932879
650 _aComunicación visual.
_932880
650 _aDiseño comercial.
_932881
700 _aBest Sing Collection
_eedit.
_932882
942 _2lcc
_cBK
_n1
999 _c11976
_d11976